| 000 | 01176naa a22003257a 4500 | ||
|---|---|---|---|
| 001 | BR8901577 | ||
| 003 | BR-BrBNA | ||
| 005 | 20240918180440.0 | ||
| 007 | ta | ||
| 008 | 230509b bl.||||| |||| 00| 0 por d | ||
| 040 |
_aBR-BrBNA _bpor _cBiblioteca Nacional de Agricultura |
||
| 041 | _a(Pt) | ||
| 072 |
_aF01 _b0120 |
||
| 090 | _aF01 BR8901577 | ||
| 100 | 1 | _aFagundes, A.C. | |
| 100 | 1 | _aBatistela, A. | |
| 100 | 1 | _aDavid, Y.K. | |
| 100 | 1 | _aArnt, T. | |
| 100 | 1 | _aKohler, C. | |
| 111 | 1 |
_a21. Reuniao Tecnica Anual de Milho e Sorgo _cPorto Alegre, RS (Brazil) _dJul 1976 |
|
| 245 | 1 | _aEfeitos da producao de milho de tres niveis de desfolhamento em oito estadios de desenvolvimento [Zea mays] | |
| 260 | 3 |
_aPorto Alegre, RS (Brasil): _c1976. |
|
| 500 | _aResultados de pesquisas de milho e sorgo. 21. Reuniao tecnica Porto Alegre, RS (Brasil): 1976. p. 68-73 (BR8901577-AM)F01 | ||
| 650 | _aMILHO | ||
| 650 | _aDESFOLHA | ||
| 650 | _aPERDA DA PRODUCAO | ||
| 773 | 0 |
_tResultados de pesquisas de milho e sorgo. 21. Reuniao tecnica _wF01 BR8901577 _gPorto Alegre, RS (Brasil), 1976. p. 68-73 |
|
| 909 |
_a202404 _bLucia _c55 _dLucia Elande |
||
| 942 |
_cAM _2AGRIS |
||
| 999 |
_c320423 _d320423 |
||